Mahatma Gandhi : his life and ideas (Record no. 25925)

MARC details
000 -LEADER
fixed length control field 00513nam a22001937a 4500
003 - CONTROL NUMBER IDENTIFIER
control field OSt
005 - DATE AND TIME OF LATEST TRANSACTION
control field 20230118111414.0
008 - FIXED-LENGTH DATA ELEMENTS--GENERAL INFORMATION
fixed length control field 230118b |||||||| |||| 00| 0 eng d
020 ## - INTERNATIONAL STANDARD BOOK NUMBER
International Standard Book Number 9788179924228
082 ## - DEWEY DECIMAL CLASSIFICATION NUMBER
Classification number 954.035092
Item number A56M
100 ## - MAIN ENTRY--PERSONAL NAME
Personal name Andrews, Charles F.
Relator term Author
245 ## - TITLE STATEMENT
Title Mahatma Gandhi : his life and ideas
Statement of responsibility, etc by Charles F. Andrews
260 ## - PUBLICATION, DISTRIBUTION, ETC. (IMPRINT)
Place of publication, distribution, etc Mumbai
Name of publisher, distributor, etc Jaico Publishing
Date of publication, distribution, etc 2019
300 ## - PHYSICAL DESCRIPTION
Extent xxxi, 301 p.
651 ## - SUBJECT ADDED ENTRY--GEOGRAPHIC NAME
Geographic name India
653 ## - INDEX TERM--UNCONTROLLED
Uncontrolled term Statesmen
653 ## - INDEX TERM--UNCONTROLLED
Uncontrolled term Nationalists
942 ## - ADDED ENTRY ELEMENTS (KOHA)
Source of classification or shelving scheme Dewey Decimal Classification
Koha item type Books
Holdings
Withdrawn status Lost status Source of classification or shelving scheme Damaged status Not for loan Collection code Home library Current library Date acquired Source of acquisition Cost, normal purchase price Total Checkouts Full call number Barcode Date last seen Date checked out Price effective from Koha item type
    Dewey Decimal Classification     General Text Book Central University Of Rajasthan Central University Of Rajasthan 18/01/2023 SCST 299.25 1 954.035092 A56M 39535 29/05/2023 17/05/2023 18/01/2023 Books